书目信息 |
| 题名: |
家具设计基础
|
|
| 作者: | 徐望霓 编著 | |
| 分册: | ||
| 出版信息: | 上海 上海人民美术出版社 2008.06 |
|
| 页数: | 137页 | |
| 开本: | 22×22cm | |
| 丛书名: | 中国高等院校环境艺术设计专业系列教材 | |
| 单 册: | ||
| 中图分类: | TS664.01 | |
| 科图分类: | ||
| 主题词: | 家具--jia ju--设计--高等学校--教材 | |
| 电子资源: | ||
| ISBN: | 978-7-5322-5610-5 | |
| 000 | 01102nam 2200277 450 | |
| 001 | 012008921471 | |
| 005 | 20081219085206.96 | |
| 010 | @a978-7-5322-5610-5@dCNY38.00 | |
| 100 | @a20081219d2008 em y0chiy0120 ea | |
| 101 | 0 | @achi |
| 102 | @aCN@b310000 | |
| 105 | @aa a 000yy | |
| 106 | @ar | |
| 200 | 1 | @a家具设计基础@Ajia ju she ji ji chu@d= Elementary design of furniture@f徐望霓编著@Fxu wang ni bian zhu@zeng |
| 210 | @a上海@c上海人民美术出版社@d2008.06 | |
| 215 | @a137页@c图@d22×22cm | |
| 225 | 2 | @a中国高等院校环境艺术设计专业系列教材@Azhong guo gao deng yuan xiao huan jing yi shu she ji zhuan ye xi lie jiao cai |
| 320 | @a有书目 | |
| 330 | @a本书系统阐述了室内家具设计的理论、方法、课程教学要求和作业等各方面内容,提供大量的优秀设计图例,对相关设计人员和设计专业学生具参考价值。 | |
| 410 | 0 | @12001 @a中国高等院校环境艺术设计专业系列教材 |
| 510 | 1 | @aElementary design of furniture@zeng |
| 606 | 0 | @a家具@Ajia ju@x设计@x高等学校@j教材 |
| 690 | @aTS664.01@v4 | |
| 701 | 0 | @a徐望霓@Axu wang ni@4编著 |
| 801 | 0 | @aCN@bQSSK@c20081219 |
| 905 | @b735718-20@dTS664.01@eX814@f3 | |
| 家具设计基础= Elementary design of furniture/徐望霓编著.-上海:上海人民美术出版社,2008.06 |
| 137页:图;22×22cm.-(中国高等院校环境艺术设计专业系列教材) |
| ISBN 978-7-5322-5610-5:CNY38.00 |
| 本书系统阐述了室内家具设计的理论、方法、课程教学要求和作业等各方面内容,提供大量的优秀设计图例,对相关设计人员和设计专业学生具参考价值。 |
| ● |
| 相关链接 |
|
|
|
正题名:家具设计基础
索取号:TS664.01/X814
 
预约/预借
| 序号 | 登录号 | 条形码 | 馆藏地/架位号 | 状态 | 备注 |
| 1 | 735718 | 207357180 | 自科库501/501自科库 42排7列3层/ [索取号:TS664.01/X814] | 在馆 | |
| 2 | 735719 | 207357199 | 自科库501/501自科库 42排7列3层/ [索取号:TS664.01/X814] | 在馆 | |
| 3 | 735720 | 207357206 | 自科库501/501自科库 42排7列3层/ [索取号:TS664.01/X814] | 在馆 |